000 00326nam a2200145 i 4500
001 bg
100 1 _aSHISHA, Oved
245 0 _aInequalities /
_cO. Shisha.
260 _aNowy Jork :
_bAcademic Press,
_c1967.
040 _cBPK
041 _apol
080 _a512
942 _cKS
008 s pl f |000 0 pol
999 _c11876
_d11876
856 _uhttp://koha.tu.koszalin.pl/cgi-bin/koha/opac-detail.pl?biblionumber=11876
_yKatalog online BPK